| 000 | 00938nam a2200241 a 4500 | ||
|---|---|---|---|
| 001 | BRCA_1567 | ||
| 005 | 20190320203455.0 | ||
| 008 | 000513s2004 sp-a---##b---f000-0#spa-# | ||
| 020 | _a8477903964 | ||
| 040 |
_aDLC _cDLC |
||
| 050 | 4 |
_aND1460 _b.I54 2004 |
|
| 245 | 1 | 0 |
_aLa ingeniería civil en la pintura _cAna Vázquez de la Cueva. |
| 260 |
_aMadrid _bReal Academia de Bellas Artes de San Fernando _c2004 |
||
| 300 |
_a189 p. _bil. (algunas a color) _c25 cm. |
||
| 500 | _aCatálogo de la exposición realizada en la Real Academia de Bellas Artes de San Fernando (Madrid), 26 febrero - 25 abril, 2004 | ||
| 500 | _aIncluye índice de ilustraciones e índice de obras | ||
| 504 | _aBibliografía: p. 179-185 | ||
| 650 | 1 | 4 |
_aPuentes en el arte _vCatálogos _95013 |
| 650 | 1 | 4 |
_aConstrucción en el arte _vCatálogos _95014 |
| 650 | 1 | 4 |
_aPintura moderna _vCatálogos _95015 |
| 700 | 1 |
_aVázquez de la Cueva, Ana _95016 |
|
| 942 |
_2lcc _cB |
||
| 999 |
_c1402 _d1402 |
||